History of Dentistry in Nigeria

Guardat en:
Dades bibliogràfiques
Autor principal: OGUNBODEDE, Eyitope O.
Format: Llibre
Idioma:anglès
Publicat: The Foundation for Dental Education Museums and Archives 2015
Etiquetes: Afegir etiqueta
Sense etiquetes, Sigues el primer a etiquetar aquest registre!

MARC

LEADER 00000nam a22000007a 4500
008 201208b ||||| |||| 00| 0 eng d
020 |a 978-978-949-688-4 
100 |a OGUNBODEDE, Eyitope O. 
245 |a History of Dentistry in Nigeria  |c Eyitope O. Ogunbodede  |g xv,265p.:ill. 
260 |b The Foundation for Dental Education Museums and Archives  |c 2015  |h Ile-Ife  |i 693949  |l RK29.OG9  |m Dentistry  |m Dentistry-History- Nigeria 
500 |a It includes bibliography and index  
942 |a lcc  |c BK  |e Kuteyi M. A.  |f 8/12/2020 
952 |0 0  |1 0  |2 lcc  |4 0  |6 RK0029 O G9  |7 0  |9 266  |a HOL  |b HOL  |c QZ  |d 2020-12-08  |l 0  |o RK29.Og9  |p 2020-0206  |r 2020-12-08 00:00:00  |w 2020-12-08  |y BK 
999 |c 108  |d 108